| 000 | 006270000a22001810004500 | ||
|---|---|---|---|
| 003 | MACL | ||
| 005 | 20160506113707.0 | ||
| 008 | 160506b xxu||||| |||| 00| 0 eng d | ||
| 040 |
_aMACL _cMACL |
||
| 041 | _aHindi | ||
| 082 | _a800 SHI | ||
| 100 |
_aशिवरूद्रप्पा, जी. एस _955121 |
||
| 245 |
_aकाव्यार्थ चिन्तन _cजी. एस. शिवरूद्रप्पा |
||
| 260 |
_bसाहित्य अकादेमी _c2007 _aनई दिल्ली |
||
| 350 | _a130 | ||
| 650 |
_aLiterature _955410 |
||
| 942 |
_cHIN _k800/SHI/L _2ddc |
||
| 999 |
_c12342 _d12342 |
||